000 01127nam a2200265Ia 4500
003 OSt
005 20221005105340.0
006 a|||||r|||| 00| 0
007 ta
008 221004b |||||||| |||| 00| 0 hin d
020 _a9788179652695 (hbk)
_cINR 300.00
024 _a42427
037 _b1424, 11/03/2019, Shivanjali Prakashan & Book Seller
_cTextual
040 _aCRL
_cCRL
_bhin
041 _2hin
_ahin
082 _aP32:g(Y:1), 152Q6
100 _aकोटनाला, सुशील कुमार, ले.
_9623893
245 0 _aकेरलीय भाषा, साहित्य और संस्कृति
246 _aKeralīya bhāṣhā, sāhitya aur sanskṛuti
260 _aनई दिल्ली
_bतक्षशिला प्रकाशन भारत
_c2016
300 _a111पृ0
_ccm.
650 _aकेरल भाषा संस्कृति
_9623894
942 _hP32:g(Y:1), 152Q6
_cTEXL
_2cc
999 _c1015550
_d1015550